Písemnosti a organizační technika v podniku /

Hlavní autor: Vančata, Jan
Další autoři: Hrubý, Jaroslav
Jazyk: Čeština
Vydáno: Praha : Státní nakladatelství technické literatury, 1970
Vydání: 1. vyd.
Edice: Řada ekonomické literatury
Fyzický popis: 207 s. ; 8°
Knihy
Uloženo v:
LEADER 01128nam a22003252a 4500
001 001306771
003 CZ BrMZK
005 20251014083824.0
007 ta
008 130701s1970 xr er|||||||||||cze d
015 |a cnb000427976 
035 |a (OCoLC)42164955 
040 |a ABA001  |b cze  |c ULG001  |d ABA001  |d BOA001 
080 9 |a 65.012.3 
080 9 |a 651.7] :658.115 
100 1 |a Vančata, Jan  |7 jk01141402  |4 aut 
245 1 0 |a Písemnosti a organizační technika v podniku /  |c Jan Vančata, Jaroslav Hrubý 
250 |a 1. vyd. 
260 |a Praha :  |b Státní nakladatelství technické literatury,  |c 1970 
300 |a 207 s. ;  |c 8° 
490 1 |a Řada ekonomické literatury 
500 |a 12200 výt. 
700 1 |a Hrubý, Jaroslav  |7 jk01042950  |4 aut 
830 0 |a Řada ekonomické literatury  |0 s 
910 |a BOA001  |b 2-0651.365  |b PK-0059.034 
920 |a 000072230 
990 |a BK 
991 |b 201306 
996 7 |b 2619664151  |c 2-0651.365  |l Sklad H1  |r Sklad / do 24 hodin  |n 0  |h HS212  |w 001341504  |u 000010  |a 1  |e BOA001  |j MZK50  |s A 
996 7 |b 3119963284  |c PK-0059.034  |l MZK  |r Sklad / do 1 hodiny  |n 0  |w 001341504  |u 000020  |a 1  |e BOA001  |j MZK50  |s A